000 00562nam a22001937a 4500
003 OSt
005 20250909020003.0
008 160818b xxu||||| |||| 00| 0 eng d
020 _a0748753990
040 _cDNLM.
082 _aWE300K573u 2000.
100 _aBernard, Kingston;
_910782
245 _aUnderstanding Joints.
_bA Practicle Guide to their structure and Function.
260 _aNew York.
_bstanley Thones,
_c2000.
300 _a240p;
_bill;
_c25cm.
504 _aReferences and Index are Included,
650 _aJoints.
_910774
942 _2z
_cO_SHELF
_01
999 _c5037
_d5037